Statistics for Word Scramble - NBA teams #2

Click here to take the quiz!

General Stats

  • This quiz has been taken 31 times
  • The average score is 13 of 15

Answer Stats

HintAnswer% Correct
lakrseLakers
100%
rckotseRockets
97%
thndreuThunder
97%
zzgrisielGrizzlies
93%
peilcnsaPelicans
93%
zzjaJazz
90%
kinsgKings
90%
nggusteNuggets
90%
ruspsSpurs
90%
snusSuns
90%
vemaricskMavericks
87%
tailr labzresTrail Blazers
87%
swarorrsiWarriors
87%
mitrebowvlesTimberwolves
80%
pprelsicClippers
73%

Score Distribution

Percentile by Number Answered

Percent of People with Each Score

Your Score History

You have not taken this quiz